[Event "Titled Tue 20th May Early"]
[Site "chess.com INT"]
[Date "2025.05.20"]
[Round "9"]
[White "Berezin, Viktor RUS"]
[Black "Kaminska, Zuzanna"]
[Result "1-0"]
[WhiteTitle "FM"]
[BlackTitle "WCM"]
[WhiteElo "1921"]
[BlackElo "1900"]
[WhiteFideId "4128869"]
[BlackFideId "21067210"]
[EventDate "2025.05.20"]

1. e4 Nf6 2. e5 Nd5 3. d4 d6 4. c4 Nb6 5. exd6 exd6 6. Nf3 Be7 7. Nc3 O-O 8. Be2
Bg4 9. b3 Bf6 10. O-O c5 11. Ne4 cxd4 12. Nxf6+ Qxf6 13. Bb2 Nc6 14. Rb1 Bf5 15.
Bd3 Bxd3 16. Qxd3 Ne5 17. Qxd4 Nxf3+ 18. gxf3 Qxd4 19. Bxd4 Nd7 20. f4 Nc5 21.
Rbd1 Rad8 22. Rfe1 Rfe8 23. Rxe8+ Rxe8 24. Bxc5 dxc5 25. Rd7 Kf8 26. Rxb7 a5 27.
Rb5 a4 28. Rxc5 axb3 29. axb3 Re4 30. b4 Rxf4 31. b5 Re4 32. b6 Re1+ 33. Kg2 Rb1
34. Rb5 Rc1 35. b7 Rxc4 36. b8=Q+ Ke7 1-0

[Event "Titled Tue 20th May Early"]
[Site "chess.com INT"]
[Date "2025.05.20"]
[Round "9"]
[White "Gholami Orimi, Mahdi"]
[Black "Shandrygin, Nikita"]
[Result "1-0"]
[WhiteTitle "GM"]
[BlackTitle "FM"]
[WhiteElo "2511"]
[BlackElo "2209"]
[WhiteFideId "12558486"]
[BlackFideId "24198668"]
[EventDate "2025.05.20"]

1. c4 Nf6 2. g3 d5 3. cxd5 Nxd5 4. Bg2 Nb6 5. Nc3 g6 6. h4 h6 7. d3 Bg7 8. Bd2
Nc6 9. Nf3 Bg4 10. a3 a5 11. Rc1 O-O 12. O-O Re8 13. Re1 Kh7 14. Na4 Nxa4 15.
Qxa4 Be6 16. Qb5 Rb8 17. b4 axb4 18. axb4 Kg8 19. Qc5 Rc8 20. b5 Nd4 21. Nxd4
Bxd4 22. Qb4 Bg7 23. Bxb7 Rb8 24. Bc6 Bd7 25. Bf4 Bxc6 26. Rxc6 e5 27. Be3 Qd5
28. Rxc7 Rxb5 29. Qc4 Bf8 30. Ra1 Qxc4 31. dxc4 Rb3 32. Raa7 f5 33. Ra6 Rc3 34.
Rxg6+ Kh8 35. Bxh6 Rxc4 36. Rxc4 1-0

[Event "Titled Tue 20th May Early"]
[Site "chess.com INT"]
[Date "2025.05.20"]
[Round "9"]
[White "Waldhausen Gordon, Frederick"]
[Black "Shubenkova, Veronika"]
[Result "1-0"]
[WhiteTitle "FM"]
[BlackTitle "WFM"]
[WhiteElo "2397"]
[BlackElo "2024"]
[WhiteFideId "2409143"]
[BlackFideId "44124040"]
[EventDate "2025.05.20"]

1. d4 d5 2. c4 e6 3. Nf3 f5 4. Nc3 Nf6 5. Bf4 c6 6. c5 Nbd7 7. e3 Be7 8. Bd3 O-O
9. h3 Ne4 10. Ne2 Qa5+ 11. Kf1 b6 12. cxb6 axb6 13. g4 Bb7 14. Kg2 g5 15. Bxe4
gxf4 16. Bd3 fxe3 17. fxe3 Kh8 18. Nf4 e5 19. dxe5 c5 20. Bxf5 Rxf5 21. gxf5
Rg8+ 22. Kf2 d4 23. Rg1 Rxg1 24. Kxg1 Qa8 25. Kf2 Nxe5 26. Nxe5 Bh4+ 27. Ke2
Ba6+ 28. Ned3 Qe4 29. Qg1 c4 30. Nb4 Bb5 31. a4 Be8 32. Rd1 d3+ 33. Kd2 Be7 34.
Nbd5 Bc5 35. Nf6 Qe5 36. Qg8# 1-0

[Event "Titled Tue 20th May Early"]
[Site "chess.com INT"]
[Date "2025.05.20"]
[Round "9"]
[White "Beniosev, Daniel"]
[Black "Shevchenko, Yaroslav"]
[Result "0-1"]
[WhiteTitle "CM"]
[WhiteElo "2010"]
[BlackElo "2137"]
[WhiteFideId "11632674"]
[BlackFideId "34144684"]
[EventDate "2025.05.20"]

1. e4 e6 2. d4 d5 3. Nc3 Bb4 4. Ne2 dxe4 5. a3 Bxc3+ 6. Nxc3 Nf6 7. Bg5 Nbd7 8.
Nxe4 h6 9. Nxf6+ Nxf6 10. Be3 b6 11. Qf3 Rb8 12. Bb5+ Bd7 13. Bxd7+ Qxd7 14.
O-O-O b5 15. g4 a5 16. h4 Qd5 17. Qf4 Qd6 18. g5 Qxf4 19. Bxf4 Nd5 20. Bd2 h5
21. Bxa5 Kd7 22. Rh3 Rhg8 23. Rg1 Nf4 24. Re3 f6 25. Kd2 Rbf8 26. Bb4 Rf7 27. g6
Re7 28. Bxe7 Kxe7 29. Rge1 Kd7 30. Re4 Nxg6 31. Rxe6 Rf8 32. Kc3 Rf7 33. Kb4
Nxh4 34. Kxb5 Nf3 35. R1e4 Nxd4+ 36. Rxd4+ Kxe6 37. Kc6 g5 38. a4 h4 39. a5 h3
40. a6 Ke5 41. Rg4 h2 42. a7 h1=Q+ 43. Kb5 Qb7+ 0-1

[Event "Titled Tue 20th May Early"]
[Site "chess.com INT"]
[Date "2025.05.20"]
[Round "9"]
[White "Harriott, Tyrell"]
[Black "Nguyen Thien Ngan"]
[Result "0-1"]
[BlackTitle "WIM"]
[WhiteElo "1924"]
[BlackElo "1998"]
[WhiteFideId "2086484"]
[BlackFideId "12414816"]
[EventDate "2025.05.20"]

1. d4 d5 2. e3 e6 3. Bd3 Nf6 4. f4 Bd6 5. Nf3 b6 6. c3 Bb7 7. Nbd2 c5 8. Ne5
Nbd7 9. O-O O-O 10. Qf3 Rc8 11. g4 g6 12. h4 Ne4 13. Nxe4 dxe4 14. Bxe4 Bxe4 15.
Qxe4 Bxe5 16. fxe5 Qxh4 17. Bd2 h5 18. Rf4 Qg3+ 19. Qg2 Qxg2+ 20. Kxg2 hxg4 21.
Rxg4 Kg7 22. Rf1 Rh8 23. Rgf4 Rcf8 24. Be1 Rh5 25. Bg3 g5 26. R4f2 Kg6 27. e4
Rh7 28. d5 Re8 29. c4 a6 30. b3 b5 31. Rf3 Rb8 32. dxe6 fxe6 33. cxb5 axb5 34.
Rd3 Ra8 35. Rf2 Ra6 36. Rfd2 Ra7 37. Rd6 Re7 38. Kf3 c4 39. bxc4 bxc4 40. Rc6
Ra3+ 41. Kg4 c3 42. Rc2 Ra4 43. Kf3 Rf7+ 44. Ke3 g4 45. Rxe6+ Kg5 46. Rc6 Rf3+
47. Ke2 Rxe4+ 48. Kd1 Rf1+ 0-1

[Event "Titled Tue 20th May Early"]
[Site "chess.com INT"]
[Date "2025.05.20"]
[Round "9"]
[White "Thorhallsson, Simon"]
[Black "Swara Lakshmi S Nair"]
[Result "1-0"]
[WhiteTitle "FM"]
[BlackTitle "WCM"]
[WhiteElo "2218"]
[BlackElo "2178"]
[WhiteFideId "2310090"]
[BlackFideId "25629239"]
[EventDate "2025.05.20"]

1. g3 Nf6 2. Bg2 c6 3. c4 d5 4. cxd5 cxd5 5. d3 g6 6. Nc3 Bg7 7. Nf3 O-O 8. O-O
Nc6 9. Bf4 d4 10. Na4 Nd5 11. Bd2 e5 12. Qb3 Nb6 13. Nc5 Qe7 14. Rfc1 Kh8 15. a4
Nd7 16. Qa3 Nxc5 17. Rxc5 Bd7 18. Rac1 f5 19. Rd5 Qxa3 20. bxa3 Be6 21. Rd6 Bb3
22. a5 a6 23. Ng5 Ba4 24. Ne6 Rf6 25. Bg5 Rf7 26. Nc5 Bb5 27. a4 Bf8 28. axb5
Bxd6 29. bxc6 bxc6 30. Na4 Rc8 31. Nb6 Rcc7 32. Bd8 Rb7 33. Bxc6 Rbc7 34. Bxc7
Rxc7 35. Rc4 Kg7 36. Nd5 Rc8 37. Bb7 Rb8 38. Bxa6 Rb1+ 39. Kg2 Ra1 40. Rc6 Bf8
41. Rc7+ Kh6 42. Nf6 Bg7 43. Ng8+ Kg5 44. Rxg7 Rxa5 45. h4+ Kh5 46. Rxh7+ Kg4
47. f3# 1-0

[Event "Titled Tue 20th May Early"]
[Site "chess.com INT"]
[Date "2025.05.20"]
[Round "9"]
[White "Cattaneo, Marco"]
[Black "Zhauynbay, Alimzhan"]
[Result "0-1"]
[WhiteTitle "FM"]
[BlackTitle "CM"]
[WhiteElo "2291"]
[BlackElo "2077"]
[WhiteFideId "878332"]
[BlackFideId "13782657"]
[EventDate "2025.05.20"]

1. e4 c5 2. d3 d6 3. g3 Nf6 4. Bg2 g6 5. f4 Bg7 6. Nf3 O-O 7. O-O Nc6 8. Nc3 Bg4
9. h3 Bxf3 10. Qxf3 Rb8 11. g4 Nd7 12. g5 b5 13. h4 b4 14. Ne2 a5 15. Rb1 a4 16.
h5 Nd4 17. Nxd4 cxd4 18. f5 Ne5 19. Qe2 b3 20. axb3 axb3 21. c4 dxc3 22. bxc3
Qc7 23. f6 exf6 24. gxf6 Bh8 25. c4 Nd7 26. Bb2 Qc5+ 27. d4 Qg5 28. e5 dxe5 29.
dxe5 Rfe8 30. hxg6 hxg6 31. Rbe1 Bxf6 32. Qf3 Nxe5 33. Bxe5 Rxe5 34. Qxf6 Qxf6 0-1

[Event "Titled Tue 20th May Early"]
[Site "chess.com INT"]
[Date "2025.05.20"]
[Round "9"]
[White "Vlassov, Nikolai"]
[Black "Odegov, Artem"]
[Result "1/2-1/2"]
[WhiteTitle "IM"]
[BlackTitle "FM"]
[WhiteElo "2291"]
[BlackElo "2244"]
[WhiteFideId "4103360"]
[BlackFideId "34183644"]
[EventDate "2025.05.20"]

1. e4 e5 2. Bc4 Nf6 3. d3 c6 4. Nf3 d6 5. O-O Be7 6. Nc3 O-O 7. a4 a5 8. d4 Nbd7
9. h3 exd4 10. Nxd4 Nxe4 11. Nxe4 d5 12. Bd3 dxe4 13. Bxe4 Nc5 14. Bf3 Bf6 15.
Be3 Ne6 16. Nxe6 Bxe6 17. c3 Qc7 18. Qc2 Rad8 19. Rad1 b5 20. Bc5 Rfe8 21. Rxd8
Rxd8 22. Rd1 Qe5 23. Bd4 Qc7 24. Bxf6 Rxd1+ 25. Qxd1 gxf6 26. Qd4 bxa4 27. Qxf6
Qb6 28. Qg5+ Kf8 29. Qh6+ Ke7 30. Qh4+ Kf8 31. Qxa4 Qxb2 32. Qxc6 Qa1+ 33. Kh2
a4 34. Qd6+ Kg7 35. Qe5+ Kf8 36. Qd6+ Kg7 37. Qe5+ Kf8 38. Qd6+ 1/2-1/2

[Event "Titled Tue 20th May Early"]
[Site "chess.com INT"]
[Date "2025.05.20"]
[Round "9"]
[White "Manukian, Artak"]
[Black "Can, Melih Kaan"]
[Result "1-0"]
[BlackTitle "CM"]
[WhiteElo "2104"]
[BlackElo "2171"]
[WhiteFideId "13301373"]
[BlackFideId "6317383"]
[EventDate "2025.05.20"]

1. e4 c5 2. Nf3 e6 3. c3 d5 4. e5 Nc6 5. d4 Bd7 6. a3 cxd4 7. cxd4 Qb6 8. b4
Nge7 9. Nc3 Nf5 10. Na4 Qc7 11. Bb2 Be7 12. Rc1 a6 13. Bd3 g6 14. O-O b5 15. Nc5
Bxc5 16. dxc5 h5 17. Qd2 Qd8 18. Ra1 Nce7 19. Nd4 Nxd4 20. Bxd4 Nc6 21. Bc3 Qc7
22. Qf4 Ne7 23. Qf6 Rf8 24. Bd2 Nc6 25. Rfe1 Nd4 26. Bg5 Nc6 27. Re3 Bc8 28.
Rae1 Qe7 29. Qf4 Qc7 30. Rf3 Bb7 31. Bxg6 a5 32. Qf6 axb4 33. Qxe6+ Ne7 34. Rxf7
Ra6 35. Rxe7+ Kd8 36. Rxc7+ Kxc7 37. Qe7+ Kc6 38. Qd6# 1-0

[Event "Titled Tue 20th May Early"]
[Site "chess.com INT"]
[Date "2025.05.20"]
[Round "9"]
[White "Henriquez Villagra, Cristobal"]
[Black "Le, Quang Liem"]
[Result "0-1"]
[WhiteTitle "GM"]
[BlackTitle "GM"]
[WhiteElo "2597"]
[BlackElo "2729"]
[WhiteFideId "3409350"]
[BlackFideId "12401137"]
[EventDate "2025.05.20"]

1. e4 e5 2. Nf3 Nc6 3. d3 Nf6 4. g3 d5 5. exd5 Nxd5 6. Bg2 Bd6 7. O-O O-O 8. Nc3
Nxc3 9. bxc3 Re8 10. Rb1 h6 11. Nd2 Na5 12. Rb5 c6 13. Rb1 Be6 14. c4 Rb8 15.
Ne4 Bf8 16. Bb2 f6 17. Bc3 b6 18. Kh1 Nb7 19. f4 exf4 20. gxf4 Qd7 21. Qf3 Bg4
22. Qg3 f5 23. Nf6+ gxf6 24. h3 h5 25. hxg4 hxg4 26. Bxf6 Re6 27. Qh4 Qh7 28.
Qxh7+ Kxh7 29. Be5 Rbe8 30. d4 Kg6 31. c3 Na5 32. d5 cxd5 33. cxd5 Rxe5 34. fxe5
Rxe5 35. Rbe1 Nc4 36. Rxe5 Nxe5 37. Kh2 Bd6 38. Kg3 Kg5 39. Kf2 f4 40. Be4 f3
41. Ke3 Bc5+ 42. Kd2 Kf4 0-1

[Event "Titled Tue 20th May Early"]
[Site "chess.com INT"]
[Date "2025.05.20"]
[Round "9"]
[White "Diachek, Andrii"]
[Black "Mansurova, Mumtozbegim"]
[Result "1-0"]
[WhiteTitle "CM"]
[BlackTitle "WCM"]
[WhiteElo "2226"]
[BlackElo "1768"]
[WhiteFideId "34106499"]
[BlackFideId "14215780"]
[EventDate "2025.05.20"]

1. c4 e5 2. g3 Bc5 3. Bg2 Nc6 4. Nc3 d6 5. e3 a6 6. Nge2 Ba7 7. O-O h5 8. h3 h4
9. g4 f5 10. gxf5 Bxf5 11. d4 Qd7 12. dxe5 Nxe5 13. Qd5 Bxh3 14. f4 Bxg2 15.
Qxg2 Nxc4 16. Qe4+ Ne7 17. Qxc4 Qg4+ 18. Kh2 h3 19. Qe4 d5 20. Qf3 Qf5 21. Ng3
Qc2+ 22. Rf2 Qd3 23. Rd2 Qc4 24. Nxd5 Nxd5 25. Qxd5 Qxd5 26. Rxd5 c6 27. Re5+
Kf7 28. Bd2 Rad8 29. Bc3 Rd3 30. Nf5 g6 31. Re7+ Kf8 32. Bg7+ 1-0

[Event "Titled Tue 20th May Early"]
[Site "chess.com INT"]
[Date "2025.05.20"]
[Round "9"]
[White "Tari, Aryan"]
[Black "Matinian, Nikita"]
[Result "0-1"]
[WhiteTitle "GM"]
[BlackTitle "GM"]
[WhiteElo "2636"]
[BlackElo "2420"]
[WhiteFideId "1510045"]
[BlackFideId "24129100"]
[EventDate "2025.05.20"]

1. e4 e5 2. Nf3 Nc6 3. d4 exd4 4. Nxd4 Bc5 5. Nxc6 Qf6 6. Qf3 bxc6 7. Nd2 Qxf3
8. gxf3 Ne7 9. Nb3 Bb6 10. a4 a5 11. Rg1 Rg8 12. Bd2 d6 13. Bc3 g6 14. f4 Be6
15. Nd4 Bxd4 16. Bxd4 f5 17. f3 Rf8 18. Be3 Rb8 19. b3 c5 20. Bd3 Nc6 21. Bb5
Bd7 22. O-O-O Nb4 23. Bxd7+ Kxd7 24. Bxc5 fxe4 25. fxe4 Rxf4 26. e5 Kc6 27. Bxb4
Rbxb4 28. exd6 cxd6 29. Rg3 Rbd4 30. Rc3+ Kd5 31. Rxd4+ Rxd4 32. Rh3 h5 33. Rg3
Rh4 34. Rxg6 Rxh2 35. Rg5+ Kd4 36. Kb2 d5 37. Rg8 h4 38. Ra8 h3 39. Rxa5 Rxc2+
40. Kxc2 h2 41. Rb5 h1=Q 42. Kb2 Qf1 43. Rb6 Kd3 44. a5 Qe1 45. Rb5 Qc3+ 46. Ka3
d4 47. Ka4 Kc2 48. Rb4 d3 49. Rc4 d2 50. a6 d1=Q 51. Rxc3+ Kxc3 0-1

[Event "Titled Tue 20th May Early"]
[Site "chess.com INT"]
[Date "2025.05.20"]
[Round "9"]
[White "Kilic, Eray"]
[Black "Moiseenko, Alexander"]
[Result "1-0"]
[WhiteTitle "IM"]
[BlackTitle "GM"]
[WhiteElo "2469"]
[BlackElo "2568"]
[WhiteFideId "44517173"]
[BlackFideId "14102560"]
[EventDate "2025.05.20"]

1. e4 c5 2. Nf3 Nc6 3. Bb5 d6 4. O-O Bd7 5. Re1 a6 6. Bxc6 Bxc6 7. d4 cxd4 8.
Nxd4 Rc8 9. c4 g6 10. b3 Bg7 11. Bb2 Nf6 12. Nc3 O-O 13. Qd2 Qa5 14. Rad1 Rfe8
15. h3 b5 16. cxb5 axb5 17. e5 dxe5 18. Rxe5 Ba8 19. Rxb5 Qa7 20. Nde2 Qc7 21.
Qg5 Red8 22. Rxd8+ Rxd8 23. Qc5 Qd7 24. Ra5 Qd2 25. Bc1 Qe1+ 26. Kh2 Ne4 27.
Qxe7 Bf8 28. Qxd8 Nxf2 29. Rxa8 1-0

[Event "Titled Tue 20th May Early"]
[Site "chess.com INT"]
[Date "2025.05.20"]
[Round "9"]
[White "Karpenko, Anton"]
[Black "Pavlidou, Ekaterini"]
[Result "1-0"]
[WhiteTitle "CM"]
[BlackTitle "WIM"]
[WhiteElo "2218"]
[BlackElo "2198"]
[WhiteFideId "34374353"]
[BlackFideId "4213262"]
[EventDate "2025.05.20"]

1. e4 c5 2. Nf3 Nc6 3. d4 cxd4 4. Nxd4 Nf6 5. Nc3 e6 6. Nxc6 bxc6 7. e5 Nd5 8.
Ne4 Qc7 9. f4 Qb6 10. c4 Ne3 11. Qd3 Nxf1 12. Rxf1 Bb4+ 13. Bd2 Bxd2+ 14. Qxd2
O-O 15. O-O-O d5 16. exd6 Bd7 17. Qd4 c5 18. Nxc5 Qd8 19. Rfe1 Rc8 20. Nxd7 Qxd7
21. f5 Rc6 22. fxe6 fxe6 23. Kb1 Rfc8 24. Qe5 Re8 25. c5 a5 26. Rd3 a4 27. Re4
Qf7 28. Rf3 Qg6 29. Rg3 Rxc5 30. Rxg6 Rxe5 31. Rxe5 hxg6 32. Re4 Kf7 33. Rxa4
Rd8 34. Rd4 e5 35. Rd2 Ke6 36. b4 Kd7 37. Kb2 Rf8 38. Kc3 Rc8+ 39. Kb3 Rc1 40.
a4 e4 41. Re2 Kxd6 42. Rxe4 Rb1+ 43. Ka2 Rf1 44. Rg4 Kd5 45. a5 Kc6 46. Kb3 Kb5
47. Rg5+ Ka6 48. Rxg6+ Kb5 49. Rg5+ Ka6 50. Rxg7 Kb5 51. Rg5+ Ka6 52. h4 Rf6 53.
h5 Rf2 54. Rg6+ Kb5 55. Rb6# 1-0

[Event "Titled Tue 20th May Early"]
[Site "chess.com INT"]
[Date "2025.05.20"]
[Round "9"]
[White "Tologon tegin, Semetei"]
[Black "Dragnev, Valentin"]
[Result "0-1"]
[WhiteTitle "IM"]
[BlackTitle "GM"]
[WhiteElo "2313"]
[BlackElo "2540"]
[WhiteFideId "13800574"]
[BlackFideId "1634852"]
[EventDate "2025.05.20"]

1. d4 d5 2. c4 e6 3. Nc3 c5 4. cxd5 cxd4 5. Qxd4 Nc6 6. Qd1 exd5 7. e3 Nf6 8.
Nf3 Bd6 9. Be2 O-O 10. O-O a6 11. b3 Re8 12. Bb2 Bc7 13. Rc1 Qd6 14. Re1 Bg4 15.
g3 Rad8 16. Na4 Ne4 17. Nd4 Bd7 18. Bf3 Ne5 19. Nc3 Nxf3+ 20. Qxf3 Ng5 21. Qh5
Re5 22. Qe2 Bb6 23. Nf3 Bg4 24. Nxe5 Bxe2 25. Nxe2 f6 26. h4 Nh3+ 27. Kg2 Nxf2
28. Kxf2 fxe5 29. Ng1 Rf8+ 30. Kg2 e4 31. Rcd1 Bc7 32. Ne2 Rf3 33. Nf4 Qc6 34.
Rxd5 Rxf4 0-1

[Event "Titled Tue 20th May Early"]
[Site "chess.com INT"]
[Date "2025.05.20"]
[Round "9"]
[White "Kawka, Milena"]
[Black "Jiganchine, Roman"]
[Result "1-0"]
[WhiteTitle "WCM"]
[BlackTitle "CM"]
[WhiteElo "2004"]
[BlackElo "2205"]
[WhiteFideId "21095167"]
[BlackFideId "2603667"]
[EventDate "2025.05.20"]

1. e4 e5 2. Nf3 Nc6 3. Bb5 f5 4. d3 fxe4 5. dxe4 Nf6 6. O-O Bc5 7. Bxc6 bxc6 8.
Nxe5 O-O 9. Nc3 d6 10. Nd3 Bd4 11. Ne2 Bb6 12. Nc3 Bd4 13. Bg5 Qe8 14. Re1 Qg6
15. Be3 Bxc3 16. bxc3 Nxe4 17. f3 Nxc3 18. Qd2 Nd5 19. Bd4 Bf5 20. Nf2 Bxc2 21.
Rac1 Nf4 22. Ng4 h5 23. Re7 Rf7 24. Rxf7 Kxf7 25. Qxf4+ Kg8 26. Nf2 Rf8 27. Qd2
Ba4 28. Re1 Bb5 29. Ne4 Rxf3 30. Kh1 Qxe4 31. Rxe4 Rf1+ 32. Bg1 d5 33. Re1 Rf7
34. Re8+ Kh7 35. Qg5 Bf1 36. Qxh5# 1-0

[Event "Titled Tue 20th May Early"]
[Site "chess.com INT"]
[Date "2025.05.20"]
[Round "9"]
[White "Toktomushev, Teimur"]
[Black "Luong Phuong Hanh"]
[Result "0-1"]
[WhiteTitle "FM"]
[BlackTitle "WIM"]
[WhiteElo "2398"]
[BlackElo "2144"]
[WhiteFideId "14176726"]
[BlackFideId "12401013"]
[EventDate "2025.05.20"]

1. d4 Nf6 2. c4 g6 3. Nc3 d5 4. cxd5 Nxd5 5. e4 Nxc3 6. bxc3 Bg7 7. Be3 c5 8.
Qd2 Qa5 9. Nf3 O-O 10. Rc1 Rd8 11. d5 Nc6 12. Be2 Bg4 13. O-O e6 14. h3 exd5 15.
exd5 Bxf3 16. Bxf3 Ne5 17. Qe2 c4 18. Rfd1 Nxf3+ 19. Qxf3 Qxa2 20. d6 Rd7 21.
Qg4 Qa4 22. Ra1 Qc6 23. Rxa7 Rxa7 24. Bxa7 b5 25. Bb8 Bxc3 26. Qg3 b4 27. Qe3
Kg7 28. Qe8 Rxd6 29. Qe2 Rxd1+ 30. Qxd1 b3 31. Qc1 Bf6 32. Bf4 b2 33. Bh6+ Kg8
34. Qd1 Qb6 35. Qb1 c3 36. Kh2 Be5+ 37. g3 Qxf2+ 38. Kh1 c2 0-1

[Event "Titled Tue 20th May Early"]
[Site "chess.com INT"]
[Date "2025.05.20"]
[Round "9"]
[White "Vasilenok, Anton"]
[Black "Kononenko, Dmitry2"]
[Result "0-1"]
[WhiteTitle "CM"]
[BlackTitle "FM"]
[WhiteElo "2137"]
[BlackElo "2205"]
[WhiteFideId "34133124"]
[BlackFideId "14113538"]
[EventDate "2025.05.20"]

1. d4 Nf6 2. c4 c5 3. d5 b5 4. cxb5 a6 5. bxa6 g6 6. Nc3 Bg7 7. e4 O-O 8. Nf3
Qa5 9. Bd2 Bxa6 10. Be2 Bxe2 11. Qxe2 Qa6 12. Qxa6 Nxa6 13. O-O d6 14. Rfc1 Nb4
15. a3 Nd3 16. Rc2 Rfb8 17. Ra2 c4 18. Nd4 Nxe4 19. Nc6 Nxc3 20. Bxc3 Rb7 21.
Bxg7 Kxg7 22. Rxc4 Nxb2 23. Rd4 Na4 24. h4 h5 25. Re2 Kf8 26. Rde4 Nc5 27. Rxe7
Rxe7 28. Rxe7 Rxa3 29. Ra7 Rxa7 30. Nxa7 Ne4 31. Nc8 Ke8 32. f3 Kd7 33. Nb6+ Kc7
34. Na8+ Kb7 35. fxe4 Kxa8 36. Kf2 Kb7 37. Ke3 Kb6 38. Kd4 f6 39. Kc4 Ka5 40. g3
Ka4 41. Kc3 Kb5 42. Kb3 Kc5 43. Kc3 f5 44. Kd3 fxe4+ 45. Kxe4 Kc4 46. Kf4 Kxd5
47. Kg5 Ke4 48. Kxg6 d5 49. g4 hxg4 50. h5 g3 51. h6 g2 52. h7 g1=Q+ 53. Kf7 Qh2
54. h8=Q Qxh8 0-1

[Event "Titled Tue 20th May Early"]
[Site "chess.com INT"]
[Date "2025.05.20"]
[Round "9"]
[White "Kjaergaard-Jensen, Jesper"]
[Black "Sarveshwaran V"]
[Result "1-0"]
[WhiteTitle "CM"]
[BlackTitle "CM"]
[WhiteElo "2081"]
[BlackElo "2290"]
[WhiteFideId "1406990"]
[BlackFideId "25699016"]
[EventDate "2025.05.20"]

1. d4 Nf6 2. Nf3 g6 3. c3 Bg7 4. Bg5 O-O 5. Nbd2 d5 6. Bxf6 exf6 7. g3 a5 8. Bg2
Re8 9. O-O Nc6 10. Re1 a4 11. e4 dxe4 12. Nxe4 Bf5 13. Nc5 Rxe1+ 14. Nxe1 Qc8
15. Nxa4 Bf8 16. b3 h5 17. Nb2 h4 18. Nc4 h3 19. Bf3 g5 20. Ne3 Bd7 21. Qe2 Kg7
22. Nd3 Bd6 23. b4 Bxb4 24. Nxb4 Nxb4 25. cxb4 c6 26. a4 Qf8 27. Qb2 Be6 28. d5
cxd5 29. Bxd5 Rd8 30. Rd1 Qe7 31. Bxe6 fxe6 32. Rxd8 Qxd8 33. Qc2 Qd4 34. Qb1 f5
35. Nc2 Qe4 36. Qb2+ Kg6 37. Ne3 f4 38. Qc2 Qxc2 39. Nxc2 e5 40. a5 Kf6 41. b5
Ke7 42. a6 bxa6 43. bxa6 Kd7 44. a7 Kc7 45. a8=Q 1-0

[Event "Titled Tue 20th May Early"]
[Site "chess.com INT"]
[Date "2025.05.20"]
[Round "9"]
[White "Bespalov, Elisei"]
[Black "Rozum, Ivan"]
[Result "0-1"]
[BlackTitle "GM"]
[WhiteElo "2303"]
[BlackElo "2439"]
[WhiteFideId "34251928"]
[BlackFideId "24104272"]
[EventDate "2025.05.20"]

1. Nf3 g6 2. g3 Bg7 3. Bg2 e5 4. d3 d5 5. O-O Ne7 6. c4 dxc4 7. dxc4 Qxd1 8.
Rxd1 Nbc6 9. Nc3 Be6 10. Nd5 O-O-O 11. Ng5 Nf5 12. Bd2 Rd7 13. Bc3 Ncd4 14. Kf1
Rhd8 15. Rac1 c6 16. Nxe6 Nxe6 17. e4 Nd6 18. c5 Nc4 19. b3 Na3 20. Bb2 Nb5 21.
Ne3 Rxd1+ 22. Nxd1 Rd2 23. a4 Nbd4 24. Bc3 Ra2 25. Bh3 Nxb3 26. Bxe6+ fxe6 27.
Rb1 Nxc5 28. f3 Nxa4 29. Ba1 b5 30. Ne3 a5 31. Ng4 b4 32. Bxe5 h5 33. Bxg7 hxg4
34. fxg4 Rxh2 35. Kg1 Ra2 36. Rc1 c5 37. Rf1 c4 38. Rf6 Kd7 39. Rf7+ Kc6 40. Rf8
c3 41. Rc8+ Kd7 42. Rc4 b3 43. Bxc3 Nxc3 44. Rxc3 b2 45. Rc2 b1=Q+ 0-1

[Event "Titled Tue 20th May Early"]
[Site "chess.com INT"]
[Date "2025.05.20"]
[Round "9"]
[White "Dambaev, Dashi"]
[Black "Terron Elena, Francisco M."]
[Result "1-0"]
[WhiteTitle "CM"]
[BlackTitle "FM"]
[WhiteElo "2211"]
[BlackElo "2148"]
[WhiteFideId "55628494"]
[BlackFideId "2210576"]
[EventDate "2025.05.20"]

1. e4 e5 2. Nf3 Nc6 3. Nc3 Nf6 4. Bb5 Bd6 5. O-O O-O 6. d3 a6 7. Bxc6 dxc6 8. h3
c5 9. Nh2 b5 10. f4 b4 11. Ne2 exf4 12. Bxf4 Bxf4 13. Rxf4 Be6 14. Rf2 c4 15.
Nf3 cxd3 16. cxd3 c5 17. a3 a5 18. Qc2 Rc8 19. axb4 axb4 20. b3 Qb6 21. Nf4 Ra8
22. Rff1 Rfc8 23. Kh1 Rxa1 24. Rxa1 Qb5 25. Nd2 Qd7 26. Nc4 Bxc4 27. Qxc4 h6 28.
e5 Nh7 29. e6 fxe6 30. Nxe6 Kh8 31. Rf1 Nf6 32. Nf4 Qf5 33. Ne2 Qxf1+ 34. Ng1 1-0

[Event "Titled Tue 20th May Early"]
[Site "chess.com INT"]
[Date "2025.05.20"]
[Round "9"]
[White "Gong, Qianyun"]
[Black "Matyakubov, Miraziz"]
[Result "0-1"]
[WhiteTitle "WGM"]
[BlackTitle "CM"]
[WhiteElo "2265"]
[BlackElo "2272"]
[WhiteFideId "8602425"]
[BlackFideId "14215772"]
[EventDate "2025.05.20"]

1. d4 Nf6 2. c4 e6 3. Nf3 d5 4. g3 Bb4+ 5. Bd2 a5 6. Bg2 O-O 7. O-O c6 8. Qc2
Nbd7 9. Bf4 Be7 10. Nbd2 a4 11. Rfd1 Nh5 12. Be3 f5 13. cxd5 exd5 14. Ne5 Nxe5
15. dxe5 f4 16. Bd4 Bf5 17. Qc3 Rc8 18. b4 Be6 19. Rac1 Qe8 20. a3 Qf7 21. Bf3
g5 22. g4 Ng7 23. h3 h5 24. Nf1 hxg4 25. hxg4 Qg6 26. Nh2 Kf7 27. Kg2 Rh8 28.
Rh1 Rh4 29. Bc5 Rch8 30. Bxe7 Qh6 31. Rcg1 Rxh2+ 32. Kf1 Qh3+ 33. Ke1 Kxe7 34.
Rxh2 Qxh2 35. Rh1 Qxh1+ 36. Bxh1 Rxh1+ 37. Kd2 Bxg4 38. Qc5+ Kf7 39. Qd6 Be6 40.
Qc7+ Kg6 41. Qxb7 g4 42. Qxc6 g3 43. fxg3 fxg3 44. e4 g2 45. exd5 g1=Q 46. dxe6
Qd1+ 0-1

[Event "Titled Tue 20th May Early"]
[Site "chess.com INT"]
[Date "2025.05.20"]
[Round "9"]
[White "Kovalevsky, Stanislav"]
[Black "Fernandes, Rogerio Paulo Muller"]
[Result "1-0"]
[WhiteTitle "FM"]
[WhiteElo "2098"]
[BlackElo "2241"]
[WhiteFideId "13508598"]
[BlackFideId "2101599"]
[EventDate "2025.05.20"]

1. e4 e6 2. c4 c5 3. Nc3 Nc6 4. g3 g6 5. Bg2 Bg7 6. h4 h5 7. d3 Nf6 8. Bg5 O-O
9. Nf3 Qc7 10. O-O a6 11. a3 Ng4 12. Rb1 Rb8 13. Qd2 b5 14. cxb5 axb5 15. b4
cxb4 16. axb4 Nd4 17. Nxd4 Bxd4 18. Ne2 Bg7 19. Be7 Re8 20. Rfc1 Qa7 21. Bc5 Qc7
22. d4 d6 23. f3 Nh6 24. Qf4 e5 25. dxe5 dxc5 26. Rxc5 Qe7 27. Nc3 Bxe5 28. Qxh6
Bd4+ 29. Kh2 Bxc5 30. bxc5 Qe6 31. Rxb5 Rxb5 32. Nxb5 Ba6 33. Nc7 1-0